Govt. of
Madhya Pradesh

साामान्‍य प्रबंधन (Record no. 65840)

MARC details
000 -LEADER
fixed length control field 00465nam a22001337a 4500
082 ## - DEWEY DECIMAL CLASSIFICATION NUMBER
Classification number 658
100 ## - MAIN ENTRY--AUTHOR NAME
Personal name रवि शंंकर तिवारी
245 ## - TITLE STATEMENT
Title साामान्‍य प्रबंधन
250 ## - EDITION STATEMENT
Edition statement द्वितीय
260 ## - PUBLICATION, DISTRIBUTION, ETC. (IMPRINT)
Place of publication दि‍ल्‍ली
Name of publisher गोोल्‍डन पीकॉक पब्‍लिकेशन
Year of publication 2023
300 ## - PHYSICAL DESCRIPTION
Number of Pages 203
650 ## - SUBJECT ADDED ENTRY--TOPICAL TERM
Topical Term 658/ प्रबंधन
942 ## - ADDED ENTRY ELEMENTS (KOHA)
Koha item type Hindi Books
Holdings
Withdrawn status Lost status Damaged status Not for loan Home library Current library Date acquired Cost, normal purchase price Full call number Accession Number Koha item type
        MACL MACL 29/01/2023 240.00 658 GCLC01054 Hindi Books
        MACL MACL 29/01/2023 240.00 658 GCLC01055 Hindi Books
        MACL MACL 29/01/2023 240.00 658 GCLC01056 Hindi Books